Интегративная технология формирования компетенции бакалавров в области планирования урока физической культуры в условиях учебной практики (Запись № 12211830)

Подробности
000 -МАРКЕР
контрольное поле 02483nam0a2200361 i 4500
001 - ИДЕНТИФИКАТОР ЗАПИСИ
контрольное поле RU\NLR\BIBL_A\011544328
005 - ИДЕНТИФИКАТОР ВЕРСИИ
контрольное поле 20241115072752.0
010 ## - МЕЖДУНАРОДНЫЙ СТАНДАРТНЫЙ НОМЕР КНИГИ (ISBN)
Номер (ISBN) 9785350003130
Тираж 200
021 ## - НОМЕР ГОСУДАРСТВЕННОЙ РЕГИСТРАЦИИ
Код страны Российская Федерация
Номер 2017-85254
Номер Листа государственной регистраци 6084
035 ## - ДРУГИЕ СИСТЕМНЫЕ НОМЕРА
Идентификатор записи (RuMoRGB)009451328
035 ## - ДРУГИЕ СИСТЕМНЫЕ НОМЕРА
Идентификатор записи (NLR Aleph) 011544328
100 ## - ДАННЫЕ ОБЩЕЙ ОБРАБОТКИ
Данные общей обработки 20171201d2016 km y0rusy50 ca
101 0# - ЯЗЫК РЕСУРСА
Язык текста, звукозаписи и т.д. русский
102 ## - СТРАНА ПУБЛИКАЦИИ ИЛИ ПРОИЗВОДСТВА
Страна публикации Российская Федерация
105 ## - ПОЛЕ КОДИРОВАННЫХ ДАННЫХ: ТЕКСТОВЫЕ МАТЕРИАЛЫ, МОНОГРАФИЧЕСКИЕ
Кодированные данные о монографическом текстовом документе y|||j|||000zy
200 1# - ЗАГЛАВИЕ И СВЕДЕНИЯ ОБ ОТВЕТСТВЕННОСТИ
Основное заглавие Интегративная технология формирования компетенции бакалавров в области планирования урока физической культуры в условиях учебной практики
Сведения, относящиеся к заглавию [учебное пособие для магистрантов и аспирантов по направлению подготовки 49.03.01 Физическая культура (квалификация - "бакалавр")]
Первые сведения об ответственности В. П. Копаев
Последующие сведения об ответственности Министерство спорта Российской Федерации, Федеральное государственное бюджетное образовательное учреждение высшего образования "Великолукская государственная академия физической культуры и спорта"
210 ## - ПУБЛИКАЦИЯ, РАСПРОСТРАНЕНИЕ И ДР.
Место издания, распространения и т.д. Великие Луки
Имя издателя, распространителя и т. д. Великолукская городская типография
Дата издания, распространения и т.д. 2016
215 ## - ФИЗИЧЕСКАЯ ХАРАКТЕРИСТИКА
Специфическое обозначение материала и объем 143 с.
Другие сведения о физической характеристике табл.
Размеры 21
320 ## - ПРИМЕЧАНИЯ О НАЛИЧИИ В ДОКУМЕНТЕ БИБЛИОГРАФИИ / УКАЗАТЕЛЯ
Текст примечания Библиогр.: с. 99-106 (92 назв.) и в тексте прил.: с. 107-142
606 ## - НАИМЕНОВАНИЕ ТЕМЫ КАК ПРЕДМЕТ
Наименование темы Институты физической культуры
Формальный подзаголовок Учебные издания для высших учебных заведений
Тематический подзаголовок Педагогическая практика
Системный номер авторитетной/нормативной записи 1175670
Идентификатор авторитетной/нормативной записи RU\NLR\AUTH\66472390
606 ## - НАИМЕНОВАНИЕ ТЕМЫ КАК ПРЕДМЕТ
Наименование темы Физическая культура и спорт
Формальный подзаголовок Учебные издания для высших учебных заведений
Тематический подзаголовок Преподавание
-- Средняя школа
Системный номер авторитетной/нормативной записи 2148121
Идентификатор авторитетной/нормативной записи RU\NLR\AUTH\661293959
610 0# - НЕКОНТРОЛИРУЕМЫЕ ПРЕДМЕТНЫЕ ТЕРМИНЫ
Предметный термин физкультура в школе
610 0# - НЕКОНТРОЛИРУЕМЫЕ ПРЕДМЕТНЫЕ ТЕРМИНЫ
Предметный термин учителя физкультуры
686 ## - ИНДЕКСЫ ДРУГИХ КЛАССИФИКАЦИЙ
Индекс Ч489.518.267.3я73-1
Код системы
686 ## - ИНДЕКСЫ ДРУГИХ КЛАССИФИКАЦИЙ
Индекс Ч426.73,6(2)-260.21я73-1
Код системы
686 1# - ИНДЕКСЫ ДРУГИХ КЛАССИФИКАЦИЙ
Индекс Ч426.73я73
686 1# - ИНДЕКСЫ ДРУГИХ КЛАССИФИКАЦИЙ
Индекс Ч489.53я73
700 #1 - ИМЯ ЛИЦА - ПЕРВИЧНАЯ ОТВЕТСТВЕННОСТЬ
Начальный элемент ввода Копаев
Часть имени, кроме начального элемента ввода В. П.
Расширение инициалов личного имени Валерий Павлович
942 ## - ДОПОЛНИТЕЛЬНЫЕ ЭЛЕМЕНТЫ ЗАПИСИ (АБИС)
Тип экземпляра АБИС Книга
980 ## - КОЛЛЕКЦИЯ
Название коллекции НБР

Нет доступных экземпляров.